000 00621nam a22002177a 4500
003 UA-OsUOA
001 115712
007 ta
008 20160118b un ||||| |||| 00| 0 ukr d
100 _aБелей Л.Л.
090 _a81
_bБ43
942 _cSA
040 _aUA-OsUOA
_bukr
_cUA-OsUOA
_dUA-OsUOA
245 _aМовний маркетинг як інструмент мовної політики
300 _aС.3-13
955 _a0
041 _aukr
080 _a81
773 0 _w115711
650 7 _a8 Мовознавство. Художня література. Літературознавство
_2UDC
999 _c404649
_d404649